Madrid districts - Statistics

General Stats
  • This quiz has been taken 105 times
  • The average score is 13 of 21
Answer Stats
Hint Answer % Correct
21 Centro
83%
1 Puente de Vallecas
79%
7 Villa de Vallecas
79%
14 Retiro
73%
12 Chamartin
71%
6 Latina
67%
15 Salamanca
67%
3 Usera
67%
4 Carabanchel
64%
13 Chamberi
63%
11 Barajas
59%
2 Villaverde
59%
17 Ciudad Lineal
56%
19 Hortaleza
56%
16 Tetuan
56%
9 San Blas
50%
10 Aravaca
49%
5 Vicalvaro
49%
20 Arganzuela
46%
18 El Pardo
40%
8 Moratalaz
39%
No matching quizzes found
Score Distribution
Percent of People with Each Score
Percentile by Number Answered
Your Score History
You have not taken this quiz